000 01041nas a2200325 4500
001 BR2012008705
003 BR-BrBNA
005 20231205121444.0
007 ta
008 230509b bl.|||p| |||| 00| 00por d
040 _aBR-BrBNA
_bpor
_cBiblioteca Nacional de Agricultura
041 _a(Pt)
072 _aL74
100 1 _aDantas, A.F.M.
100 1 _aRiet-Correa, F.
100 1 _aMedeiros, R.M.T.
100 1 _aGaliza, G.J.N. de
100 1 _aPimentel, L. de A.
100 1 _aAnjos, B.L. dos
100 1 _aMota, R.A.
245 1 _aMalformações congênitas em ruminantes no semiárido do Nordeste Brasileiro
246 1 _aCongenital malformations in ruminants in the semiarid of the Brazilian Northeast
650 _aRUMINANTE
650 _aDISTÚRBIO GENÉTICO
650 _aMALFORMAÇÃO
650 _aPLANTA TÓXICA
773 0 _tPesquisa Veterinária Brasileira (Brazil)
_xISSN 0100-736X
_g(Oct 2010), v. 30(10) p. 807-815
_wBR2012008705
909 _a202311
_bLúcia
_c55
_dLúcia Elande
942 _2AGRIS
_n0
_cANA
999 _c223660
_d223660